000
00332nam a2200133Ia 4500
008
221030s9999 xx 000 0 und d
041
_a
English
100
_a
S. L. Puri
245
0
_a
Legislative Elite in an Indian State
_c
by S. L. Puri
260
_b
Abhinav Pub.
_a
New Delhi
_c
1978
300
_a
281
650
_a
Law
942
_c
BK
999
_c
18989
_d
18989